Countries I Almost Went To - Statistics

General Stats
  • This quiz has been taken 24 times
  • The average score is 3 of 7
Answer Stats
Country % Correct
Russia
84%
Mexico
68%
North Korea
47%
Mongolia
37%
Indonesia
32%
Kazakhstan
32%
Malaysia
32%
No matching quizzes found
Score Distribution
Percent of People with Each Score
Percentile by Number Answered
Your Score History
You have not taken this quiz